MDQL
is popping MORE tags! Check the
thread
!
Quizzes
Events
Quiz Creation
Community
Videos
Private Events
Remove Ads
Sign In
Join for FREE
Feedback
Dark Mode
Quiz Categories
Sports
Geography
Music
Movies
Television
Just For Fun
Miscellaneous
History
Literature
Language
Science
Gaming
Entertainment
Religion
Holiday
For Kids
Quiz Lab
Recent
Popular Today
Quiz Kudos Today
Editor Picks
Curator Picks
Quizzes by...
Day
Popularity
Type
Ratings
Length
Year
Community
Subscriptions
Recent Discussions
Orange Saloon
Badges
Playlists
Quests
Create
Leaderboards
Showdown
Live 5
Trivia Bingo
Activity
Puzzle Library
Sporcle Events
Private Events
Virtual Trivia
Globe League
Become a Host
Pub Owners
SporcleCon
Opinionation
Our Games
Videos
Blog
Mobile Apps
Partnerships
Remove Ads and Go Orange
Feedback
Sports
Athletes
MLB
NBA
NHL
NFL
Soccer
Sports Teams
WWE
NCAA
Football
Premier League
Basketball
Baseball
Hockey
Golf
Tennis
Cricket
Rugby
Auto Racing
Olympics
World Cup
Sports
Athletes
MLB
NBA
NHL
NFL
Soccer
Sports Teams
WWE
NCAA
Football
Premier League
Basketball
Baseball
Hockey
Golf
Tennis
Cricket
Rugby
Auto Racing
Olympics
World Cup
Random Quiz
Search Sporcle
×
Quiz Lab
Quiz Lab
Sports
Soccer
Type in answers that appear in a list
Type in answers that appear in a list
Classic
Best Score? Go Orange.
Chelsea 2015/16 Stats
Can you name the Chelsea players of 2015/16?
By
CrawleyTownLFC
10m
27 Questions
188 Plays
188 Plays
188 Plays
Comments
Comments
Give Quiz Kudos
Give Quiz Kudos
-
- Ratings
hide this ad
More Info
Replay
Link that replays current quiz
Next Quiz
Link to next quiz in quiz playlist
You Got
0%
They Got
Avg Score
72%
Avg Friend Score
Upgrade to see
Score Distribution
Jump to the score distribution portion of the page
Score
0/27
Timer
10:00
0
Plays Today
Country
Player
% Correct
Serbia
Branislav Ivanovic
96.8%
Belgium
Eden Hazard
94.1%
Spain/
Brazil
Diego Costa
91.5%
Brazil
Willian the Brazilian
91.5%
Bosnia and Herzegovina
Asmir Begovic
91%
Spain
Cesc Fabregas
89.9%
Brazil
Oscar
89.9%
Serbia
Nemanja Matic
88.8%
England
Gary Cahill
88.3%
England
John Terry
85.6%
Colombia
Radamel Falcao
84.6%
Nigeria
John Obi Mikel
84%
Belgium
Thibaut Courtois
84%
Spain
Pedro Rodriguez
84%
Country
Player
% Correct
France
Kurt Zouma
83.5%
Spain
Cesar Azpilicueta
81.4%
France
Loic Remy
77.7%
Brazil
Ramires
72.3%
England
Ruben Loftus Cheek
66%
Ghana
Abdul Baba Rahman
62.2%
Nigeria
Victor Moses
61.7%
Burkina Faso
Bertrand Traore
57.4%
Brazil
Kenedy
56.9%
England
Jamal Blackman
30.9%
England
Ola Aina
26.1%
England
Nathaniel Chalobah
21.3%
England
Jake Clarke Salter
11.7%
Quiz Playlist
Details
Report
Send in Message
Add To Playlist
More Info:
Title at the top is pretty self explanatory Ordered by squad number N/A denotes an academy product
Classic:
Type in answers that appear in a list
Last Updated: Feb 16, 2017
Quiz Scoreboard
CHALLENGE
Sign Up to Join the Scoreboard
Show All
Scores
Hide
Comments
May contain spoilers
Recently Published
5x2 Blitz: Bands
by SL_Kpop136
Music
30s
Colored Red Africa Blitz
by spor1
Geography
30s
Find the 'City' Movie
by crazypaving
Movies
60s
More to Explore
Quiz From the Vault
Featured Blog Post
14 Easter Pick-up Lines to Find Eggs With
hide this ad
You Might Also Like...
Tags
Football Quiz
Premier League Quiz
Soccer Quiz
Arena Football
Chelsea
English Soccer
Football Clubs
Football League
Football Team
League Football
Today's Top Quizzes in Sports
Browse Sports
hide this ad
Today's Top Quizzes in Soccer
Browse Soccer
Top Contributed Quizzes in Sports
1
Players with Multiple 50 Home Run Seasons
2
Who Needs Fielders?
3
Criteria MLB: Left Handed Sluggers
4
MLB Players with Two .350 Batting Average Seasons
5
Who Hit More Homers?
6
2020 F1 Drivers Logic Puzzle
7
NBA Teammate Connections
8
Premier League Clubs since 2000 (minefield)
9
MLB Teams by First Game
10
Top 10 NHL Goal Scorers of All Time
Explore More
Trending Topics
Anime
NBA
Crossword
Harry Potter
Kpop
Marvel
Disney
Puzzle
The Office
Soccer
WWE
Song
Country
NFL
Pokémon
hide this ad
More By:
CrawleyTownLFC
Quiz
Plays
Rating
Category
Featured
Created
Brooklyn Nine Nine Trivia
1,750
1.70
Television
Aug 3, 2016
Minecraft Pickaxe Enchantments
1,090
5.00
Gaming
Feb 27, 2014
Gives you hell lyrics
684
2.50
Music
Aug 29, 2013
Top 40 BPL Scorers 14/15
503
Sports
Aug 1, 2015
Top 250 Premier League Goalscorers
291
3.50
Sports
Aug 6, 2016
Go to Creator's Profile
Score Distribution
Quiz Creator Spotlight
CrawleyTownLFC
Follow
Send a Message
Quizzes Created
-
Created Quiz Play Count
-
More By This Creator
Popular Quizzes Today
1
Find the 'City' Movie
2
5x2 Blitz: Bands
3
Colored Red Africa Blitz
4
The Countries of the World
5
Find the US States - No Outlines Minefield
6
Find the US States
7
9x9 Crossword: Cartoon Network
8
US States
More Sports Quizzes
21st Century XIs: PSV
Quiz Lab
Trending Quizzes
Colored Red Africa Blitz II
Colored Red Europe Blitz I
Colored Red Africa Blitz III
Colored Red Europe Blitz II
Colored Red Europe Blitz III
Recently Updated
Champions League XIs: Real Madrid
pecheneg
Largest US Cities 1790-2010
pecheneg
Rides in Walt Disney World
pecheneg
Most Oscar Losses (Acting)
pecheneg
Beyoncé Albums
pecheneg
Leaping Animals
pecheneg
Reality TV Shows (A-Z)
bhenderson79
Rickey Henderson's Hall of Fame Teammates
pecheneg
Champions League XIs: Arsenal
pecheneg
Quick Pick: Celebrities in WWE's Hall of Fame
aduchscher
Trending Topics
Harry Potter
Marvel
Crossword
Kpop
Anime
NBA
Disney
Soccer
Pokémon
WWE
NFL
Puzzle
Country
The Office
Song
Your Account Isn't Verified!
In order to create a playlist on Sporcle, you need to verify the email address you used during registration. Go to your
Sporcle Settings
to finish the process.
Report this User
Report this user for behavior that violates our
Community Guidelines
.
Details:
Send Report
Go to the Sporcle.com Mobile Site →
Comments